Top Fantasy Football Performers 2016 - Statistics

General Stats
  • This quiz has been taken 56 times
  • The average score is 19 of 25
Answer Stats
Rank Score Hint Answer % Correct
1. 380.02 QB Aaron Rodgers
100%
17. 258.56 QB Tom Brady
98%
19. 254.26 QB Cam Newton
89%
2. 347.46 QB Matt Ryan
89%
3. 332.32 QB Drew Brees
87%
20. 252.16 QB Ben Roethlisberger
85%
8. 286.88 QB Dak Prescott
83%
13. 268.06 QB Russell Wilson
83%
7. 293.40 RB Ezekiel Elliott
78%
24. 242.40 RB Le'Veon Bell
78%
12. 268.48 QB Derek Carr
76%
6. 300.28 QB Kirk Cousins
74%
16. 258.94 QB Philip Rivers
74%
4. 327.80 RB David Johnson
72%
18. 256.10 QB Jameis Winston
72%
9. 279.78 QB Matthew Stafford
72%
14. 260.64 QB Andy Dalton
70%
15. 259.94 QB Marcus Mariota
70%
5. 307.70 QB Andrew Luck
67%
23. 242.48 QB Joe Flacco
67%
22. 243.12 QB Carson Palmer
63%
21. 248.30 RB LeSean McCoy
61%
11. 270.10 QB Blake Bortles
57%
10. 270.92 QB Tyrod Taylor
54%
25. 240.80 RB DeMarco Murray
52%
No matching quizzes found
Score Distribution
Percent of People with Each Score
Percentile by Number Answered
Your Score History
You have not taken this quiz